| 000 | 00416pab a2200181 454500 | ||
|---|---|---|---|
| 008 | 180718b1999 xxu||||| |||| 00| 0 eng d | ||
| 100 | _aMustafa, Seema | ||
| 245 | _aA story of diplomacy gone wrong | ||
| 260 | _c1999 | ||
| 300 | _ap.13 | ||
| 362 | _a8 Jun | ||
| 650 | _aDiplomacy | ||
| 650 | _aWar | ||
| 650 | _aInternational relations | ||
| 650 | _aKargil conflict | ||
| 773 | _aAsian Age | ||
| 909 | _a42216 | ||
| 999 |
_c42216 _d42216 |
||